[Event "Match"]
[Site "www.echecsemail.com"]
[Date "2017.11.29"]
[Round "1"]
[White "Ditto"]
[Black "Raulazo"]
[WhiteElo "1860"]
[BlackElo "1890"]
[Result "1-0"]
[Round "1"]
1.e4 e5
2.Ng1f3 Nb8c6
3.Bf1b5 Nc6d4
4.Nb1c3 c6
5.Bb5c4 h6
6.Nf3xd4 exd4
7.Nc3e2 b5
8.Bc4b3 a5
9.a3 a4
10.Bb3a2 Bf8c5
11.d3 Qd8c7
12.Bc1f4 d6
13.O-O Bc8e6
14.Ba2xe6 fxe6
15.Ne2g3 O-O-O
16.Rf1e1 Ng8f6
17.e5 Nf6e8
18.Ng3e4 d5
19.Ne4xc5 Qc7e7
20.Nc5a6 g5
21.Bf4g3 h5
22.f3 h4
23.Bg3f2 Ne8g7
24.Qd1d2 Kb7
25.Na6b4 c5
26.Nb4a2 Rd8f8
27.Qd2a5 Qe7d7
28.Qa5d2 Rf8f4
29.c3 h3
30.Bf2g3 Rf4f5
31.cxd4 hxg2
32.Kxg2 Ng7h5
33.Bg3f2 Nh5f4
34.Kg1 Qd7h7
35.Bf2g3 Nf4h3
36.Kg2 Rh8f8
37.Re1f1 g4
38.fxg4 Rf5xf1
39.Ra1xf1 Rf8g8
40.dxc5 Rg8xg4
41.Qd2e2 Rg4g8
42.d4 Kc6
43.Qe2f3 Nh3g5
44.Qf3f6 Kd7
45.Na2b4 Ng5e4
46.c6 Kc7
47.Qf6f7 Qh7xf7
48.Rf1xf7 Kc8
49.Rf7e7 Ne4g5
50.Kf2 Ng5e4
51.Kg2 Rg8g6
52.Nb4d3  { time }
1-0

[Event "Match"]
[Site "www.echecsemail.com"]
[Date "2017.11.29"]
[Round "1"]
[White "Aperturaf"]
[Black "Apdash"]
[WhiteElo "2630"]
[BlackElo "2210"]
[Result "1-0"]
[Round "1"]
1.e4 e5
2.Ng1f3 Nb8c6
3.d4 exd4
4.Nf3xd4 Nc6e5
5.Nb1c3 Bf8b4
6.Nd4f5 g6
7.Qd1d4 Bb4xc3
8.Qd4xc3 f6
9.f4 d6
10.fxe5 gxf5
11.exd6 Qd8xd6
12.Bf1e2 Ng8e7
13.Be2h5 Ne7g6
14.O-O O-O
15.exf5 Qd6e5
16.Qc3c4 Kg7
17.Qc4g4 Bc8d7
18.Bh5xg6 Bd7xf5
19.Bc1h6 Kh8
20.Rf1xf5 Qe5xb2
21.Bh6g7 Kxg7
22.Bg6xh7 Kf7
23.Ra1e1 Rf8g8
24.Rf5g5 Qb2b6
25.Kh1 Qb6f2
26.Qg4c4 { resign }
1-0

[Event "Match"]
[Site "www.echecsemail.com"]
[Date "2017.11.29"]
[Round "1"]
[White "Chapi"]
[Black "Apdash"]
[WhiteElo "2200"]
[BlackElo "2350"]
[Result "0-1"]
[Round "1"]
1.d4 d5
2.c4 Ng8f6
3.Nb1c3 e6
4.cxd5 Nf6xd5
5.e4 Nd5b6
6.Ng1f3 c5
7.Bc1f4 cxd4
8.Qd1xd4 Qd8xd4
9.Nf3xd4 a6
10.Bf1e2 Bf8c5
11.Nd4b3 Bc5b4
12.Ra1c1 Nb6a4
13.Bf4d2 Na4xb2
14.O-O O-O
15.Rc1c2 Bb4xc3
16.Bd2xc3 Nb2a4
17.Bc3d4 Nb8c6
18.Bd4e3 Nc6e5
19.Rc2c7 Ne5c6
20.Nb3d4 Na4c3
21.Be2d3 Nc6xd4
22.Rc7xc3 e5
23.Be3xd4 exd4
24.Rc3c4 Rf8d8
25.Rf1d1 Bc8e6
26.Rc4a4 Rd8d7
27.Bd3c4 Ra8d8
28.f4 Be6g4
29.Rd1d2 b5
30.Bc4xf7 Kxf7
31.Ra4b4 d3
32.f5 Bg4e2
33.h3 Rd7d4
34.a3 Rd4xb4
35.axb4 Rd8d4
{ resign }
0-1

[Event "1/8 Finale"]
[Site "www.chess-mail.com"]
[Date "2017.11.29"]
[Round "1"]
[White "Conde7"]
[Black "Szustan"]
[WhiteElo "2860"]
[BlackElo "2550"]
[Result "1-0"]
[Round "1"]
1.e4 e5
2.Ng1f3 Nb8c6
3.Bf1b5 a6
4.Bb5a4 Ng8f6
5.O-O Nf6xe4
6.d4 b5
7.Ba4b3 d5
8.dxe5 Bc8e6
9.Bc1e3 Bf8e7
10.c3 O-O
11.Nb1d2 Ne4xd2
12.Qd1xd2 Nc6a5
13.Nf3d4 c5
14.Nd4xe6 fxe6
15.Bb3c2 Na5c4
16.Qd2d3 g6
17.Be3h6 Rf8f7
18.b3 Nc4a3
19.Bc2d1 a5
20.h4 c4
21.Qd3h3 Ra8a6
22.Bd1g4 Qd8b6
23.Ra1d1 cxb3
24.axb3 a4
25.bxa4 bxa4
26.c4 Na3xc4
27.Rd1b1 Qb6c6
28.Rb1b8 Be7f8
29.h5 a3
30.Qh3h4 Qc6c7
31.Rb8e8 Qc7xe5
32.Qh4d8 Qe5f6
33.Qd8c8 Ra6b6
34.Re8xf8 Rf7xf8
35.Bh6xf8 Qf6xf8
36.Bg4xe6 Rb6xe6
37.Qc8xe6 Qf8f7
38.Qe6c8 Kg7
39.hxg6 hxg6
40.Rf1d1 Nc4b2
41.Qc8c3 Kg8
42.Rd1b1 Qf7f8
43.Rb1e1 Nb2c4
44.Re1e6 Qf8f7
45.Re6a6 Qf7e8
46.Qc3a1 { resign }
1-0

[Event "1/64 Finale"]
[Site "www.chess-mail.com"]
[Date "2017.11.29"]
[Round "1"]
[White "Osopanda"]
[Black "Julian"]
[WhiteElo "1630"]
[BlackElo "1560"]
[Result "1-0"]
[Round "1"]
1.c4 d6
2.d4 Ng8f6
3.Ng1f3 Nb8d7
4.Nb1c3 e5
5.dxe5 dxe5
6.e4 Bf8b4
7.Bc1g5 O-O
8.Bf1e2 c6
9.O-O Qd8e7
10.Qd1c2 Rf8d8
11.Rf1d1 Nd7f8
12.Rd1xd8 Qe7xd8
13.Ra1d1 Qd8e7
14.a3 Bb4a5
15.b4 Ba5c7
16.c5 Nf8e6
17.Be2c4 Ne6xg5
18.Nf3xg5 Bc8e6
19.Ng5xe6 fxe6
20.b5 cxb5
21.Nc3xb5 Bc7b8
22.Nb5d6  { time }
1-0

[Event "Tourn. n9556"]
[Site "www.chess-mail.com"]
[Date "2017.11.30"]
[Round "1"]
[White "Tevere"]
[Black "Claymil"]
[WhiteElo "1950"]
[BlackElo "2090"]
[Result "1-0"]
[Round "1"]
1.d4 d5
2.c4 e6
3.Nb1c3 g6
4.Ng1f3 Bf8g7
5.e3 Ng8e7
6.Qd1c2 O-O
7.Bf1e2 dxc4
8.Be2xc4 a6
9.O-O b5
10.Bc4b3 Bc8b7
11.Qc2e2 Nb8d7
12.a3 c5
13.dxc5 Nd7xc5
14.Bb3c2 Qd8c7
15.Ra1b1 Ra8c8
16.e4 Rf8d8
17.Bc1g5 f6
18.Bg5h4 Ne7c6
19.e5 g5
20.exf6 Bg7xf6
21.Bh4xg5 Qc7g7
22.Bg5xf6 Qg7xf6
23.Qe2e3 Nc6e7
24.Nf3g5 Ne7f5
25.Qe3f4 Rd8d4
26.Nc3e4 Nc5xe4
27.Bc2xe4 h6
28.Qf4f3 Bb7xe4
29.Ng5xe4 Qf6h4
30.Ne4g3 Rd4f4
31.Qf3b7 Rc8f8
32.Qb7xa6 Nf5d4
33.Qa6b7 Qh4g5
34.f3 Qg5c5
35.Kh1 Nd4b3
36.Rf1e1 e5
37.Ng3e4 Qc5c4
38.Qb7e7 Nb3d4
39.Qe7xe5 Qc4e6
40.Qe5xd4 Rf8f5
41.g3 Rf4xf3
42.Ne4d2 Qe6c6
43.Nd2xf3 Rf5xf3
44.Kg1 Rf3f8
45.Re1f1 Rf8e8
46.Rf1f6 Qc6c2
47.Qd4g4 { resign }
1-0

[Event "Tourn. n9625"]
[Site "www.chess-mail.com"]
[Date "2017.11.30"]
[Round "1"]
[White "Mitja"]
[Black "Apdash"]
[WhiteElo "1990"]
[BlackElo "2260"]
[Result "0-1"]
[Round "1"]
1.d4 d5
2.e3 Ng8f6
3.c3 e6
4.Ng1f3 c5
5.dxc5 Bf8xc5
6.Nb1d2 Nb8c6
7.Nd2b3 Bc5d6
8.Nf3d4 O-O
9.Nd4xc6 bxc6
10.Bf1d3 Qd8c7
11.h3 e5
12.Bd3c2 a5
13.Nb3d2 Bc8a6
14.Nd2f3 c5
15.b3 Ra8c8
16.Bc1b2 c4
17.bxc4 Ba6xc4
18.Bc2b3 Rf8d8
19.Bb3xc4 dxc4
20.O-O Rc8b8
21.Qd1c2 e4
22.Nf3d4 a4
23.a3 Bd6e5
24.Rf1d1 Be5xd4
25.Rd1xd4 Rd8xd4
26.exd4 Rb8b3
27.Ra1b1 Qc7b7
28.Qc2c1 Nf6d5
29.Qc1g5 h6
30.Qg5d8 Kh7
31.Qd8e8 Nd5xc3
32.Bb2xc3 Rb3xb1
33.Kh2 Qb7b8
34.Qe8xb8 Rb1xb8
35.Kg1 Rb8b3
{ resign }
0-1

[Event "Tourn. n9606"]
[Site "www.chess-mail.com"]
[Date "2017.11.30"]
[Round "1"]
[White "Estonia"]
[Black "Dussek"]
[WhiteElo "1980"]
[BlackElo "1820"]
[Result "1-0"]
[Round "1"]
1.e4 d6
2.Ng1f3 Ng8f6
3.Nb1c3 Nb8d7
4.d4 c6
5.Bf1e2 e5
6.Bc1g5 Bf8e7
7.O-O h6
8.Bg5xf6 Be7xf6
9.d5 c5
10.a3 O-O
11.b4 b6
12.Nc3b5 a6
13.Nb5xd6 Bf6e7
14.Nd6c4 Nd7f6
15.Be2d3 cxb4
16.axb4 Be7xb4
17.Nc4xe5 Bc8b7
18.Qd1b1 a5
19.c4 Bb4c3
20.Ra1a2 Nf6d7
21.Ne5xd7 Qd8xd7
22.Qb1xb6 Bc3b4
23.e5 Ra8a6
24.Qb6e3 Ra6g6
25.Bd3xg6 fxg6
26.Nf3h4 g5
27.Nh4g6 Rf8e8
28.e6 Qd7d6
29.Ng6e5 Bb4c5
30.Qe3e2 Re8f8
31.Ra2xa5 Rf8f5
32.Ne5d7 Bc5b4
33.Ra5b5 Bb7a6
34.Rb5xb4 Rf5f4
35.e7 { resign }
1-0

[Event "Tourn. n9559"]
[Site "www.chess-mail.com"]
[Date "2017.11.30"]
[Round "1"]
[White "Norlavuaram"]
[Black "Lucaschess"]
[WhiteElo "2100"]
[BlackElo "2030"]
[Result "1-0"]
[Round "1"]
1.e4 e5
2.Ng1f3 Nb8c6
3.Bf1b5 Bf8c5
4.O-O Ng8f6
5.d3 d6
6.h3 Bc8d7
7.c3 Bc5b6
8.Nb1d2 Qd8c8
9.Qd1e2 Bd7xh3
10.gxh3 Qc8xh3
11.Nf3h2 O-O-O
12.Qe2f3 Qh3e6
13.Qf3f5 Qe6xf5
14.exf5 Nc6e7
15.Nd2e4  { time }
1-0

[Event "Tourn. n9601"]
[Site "www.chess-mail.com"]
[Date "2017.11.30"]
[Round "1"]
[White "Begory"]
[Black "Pachi"]
[WhiteElo "1630"]
[BlackElo "1630"]
[Result "1-0"]
[Round "1"]
1.d4 d5
2.Bc1f4 f6
3.Nb1c3 c6
4.Ng1f3 Bc8g4
5.Nf3d2 Qd8b6
6.Nd2b3 Nb8d7
7.f3 e5
8.dxe5 fxe5
9.fxg4 exf4
10.Qd1d4 Qb6c7
11.O-O-O Ng8f6
12.e3 Nf6xg4
13.Qd4xf4 Qc7xf4
14.exf4 Ng4f2
15.Rd1e1 Bf8e7
16.Rh1g1 O-O
17.Re1xe7 Nd7f6
18.Re7e2 Nf6g4
19.h3 Rf8xf4
20.hxg4 Nf2xg4
21.g3 Rf4f3
22.Bf1h3 Ng4f2
23.Bh3g2 Rf3f7
24.Rg1e1 Ra8d8
25.Re1f1 Rd8f8
26.Kd2 h5
27.Nc3d1 Nf2e4
28.Ke1 Ne4xg3
29.Rf1xf7 Rf8xf7
30.Re2e8 Kh7
31.Nd1f2 b6
32.Nb3d4 g5
33.Nd4e6 Rf7f5
34.Re8e7 Kg8
35.Re7xa7 Rf5e5
36.Kd1 Re5xe6
37.Nf2h3 g4
38.Nh3f4 Re6h6
39.Ra7a6 c5
40.Bg2xd5 Kf8
41.Ra6a3 h4
42.Ke1 Rh6f6
43.Nf4e6 Ke7
44.Ra3e3 Kd6
45.Bd5c4 Rf6xe6
46.Re3xe6 { resign }
1-0

[Event "Tourn. n9613"]
[Site "www.chess-mail.com"]
[Date "2017.11.30"]
[Round "1"]
[White "Julian"]
[Black "Osopanda"]
[WhiteElo "1630"]
[BlackElo "1750"]
[Result "0-1"]
[Round "1"]
1.e4 e5
2.Ng1f3 Nb8c6
3.Bf1b5 d6
4.d4 exd4
5.Nf3xd4 Bc8d7
6.O-O Ng8f6
7.Nb1c3 Nc6xd4
8.Bb5xd7 { time. }
0-1

[Event "Tourn. n9491"]
[Site "www.chess-mail.com"]
[Date "2017.11.30"]
[Round "1"]
[White "Mystakerchon"]
[Black "Mozgegorov"]
[WhiteElo "1090"]
[BlackElo "999"]
[Result "1/2-1/2"]
[Round "1"]
1.e4 e5
2.Ng1f3 Nb8c6
3.Bf1c4 h6
4.c3 d6
5.d4 exd4
6.cxd4 Qd8f6
7.Bc1e3 Bc8g4
8.Bc4e2 O-O-O
9.h3 Bg4xf3
10.Be2xf3 Ng8e7
11.Nb1c3 a6
12.Nc3d5 Ne7xd5
13.exd5 Nc6e7
14.Ra1c1 Ne7f5
15.Qd1c2 Rd8d7
16.Rh1g1 Nf5xd4
17.Be3xd4 Qf6xd4
18.Bf3g4 Qd4b6
19.Bg4xd7 Kxd7
20.Qc2f5 Kd8
21.Qf5xf7 c5
22.dxc6 bxc6
23.Kd1 Qb6d4
24.Kc2 d5
25.Rg1e1 Bf8b4
26.Re1d1 Qd4e4
27.Kb3 { draw }
1/2-1/2

[Event "Tourn. n9618"]
[Site "www.chess-mail.com"]
[Date "2017.11.30"]
[Round "1"]
[White "Piekki"]
[Black "Vios"]
[WhiteElo "2160"]
[BlackElo "2210"]
[Result "0-1"]
[Round "1"]
1.e4 d6
2.d4 g6
3.g3 Bf8g7
4.Bf1g2 Ng8f6
5.Nb1c3 O-O
6.Ng1f3 a6
7.a4 Bc8g4
8.O-O c5
9.dxc5 dxc5
10.Qd1e2 Nb8c6
11.Rf1d1 Nc6d4
12.Qe2e3 Nf6d7
13.Qe3d3 Bg4xf3
14.Bg2xf3 Nd7e5
{ resign }
0-1

[Event "Tourn. n9616"]
[Site "www.chess-mail.com"]
[Date "2017.11.30"]
[Round "1"]
[White "Vios"]
[Black "Bojan"]
[WhiteElo "2210"]
[BlackElo "2030"]
[Result "1-0"]
[Round "1"]
1.d4 g6
2.e4 d5
3.exd5 Qd8xd5
4.Nb1c3 Qd5d8
5.Ng1f3 Ng8f6
6.Bc1g5 Bf8g7
7.Qd1d2 Bc8f5
8.O-O-O Nf6d5
9.Bf1c4 Nd5b6
10.Bc4b3 c6
11.h4 Nb6d5
12.h5 f6
13.Bg5f4 gxh5
14.Rh1xh5 Bf5g6
15.Rh5xd5 cxd5
16.Nc3xd5 Nb8a6
17.Rd1e1 Bg7f8
18.Nd5xf6 { resign }
1-0

[Event "Tourn. n9582"]
[Site "www.chess-mail.com"]
[Date "2017.11.30"]
[Round "1"]
[White "Comrade"]
[Black "Coolant"]
[WhiteElo "2290"]
[BlackElo "2340"]
[Result "0-1"]
[Round "1"]
1.c4 f5
2.Ng1f3 Ng8f6
3.d4 g6
4.Nb1c3 d6
5.e3 Bf8g7
6.Bf1d3 e5
7.dxe5 dxe5
8.Nf3xe5 Nf6e4
9.Bd3xe4 Qd8xd1
10.Nc3xd1 fxe4
11.f4 exf3
12.Ne5xf3 Bc8e6
13.Nf3d2 O-O
14.Rh1f1 Nb8c6
15.a3 Nc6e5
16.Rf1xf8 Ra8xf8
17.Nd1f2 Ne5xc4
18.Ra1b1 Nc4xe3
19.g3 Be6f5
20.Nd2e4 Ne3g4
21.Nf2xg4 Bf5xe4
22.Rb1a1 Rf8e8
23.Kf1 Be4d3
24.Kg2 Re8e2
25.Kh3 Bd3f5
26.Bc1f4 h5
{ resign }
0-1

[Event "Tourn. n9621"]
[Site "www.chess-mail.com"]
[Date "2017.11.30"]
[Round "1"]
[White "Vios"]
[Black "Bojan"]
[WhiteElo "2210"]
[BlackElo "1980"]
[Result "1-0"]
[Round "1"]
1.e4 e5
2.f4 exf4
3.Ng1f3 d5
4.exd5 Qd8xd5
5.d4 Bf8d6
6.c4 Qd5e6
7.Bf1e2 c6
8.O-O f6
9.Nb1c3 Ng8e7
10.d5 Qe6d7
11.Kh1 g5
12.Nf3d4 Bd6e5
13.Be2h5 Ne7g6
14.Nd4e6 Qd7f7
15.Qd1g4 cxd5
16.cxd5 Qf7d7
17.Nc3e4 Qd7xd5
18.Ne6c7 { resign }
1-0

[Event "Tourn. n9502"]
[Site "www.chess-mail.com"]
[Date "2017.11.30"]
[Round "1"]
[White "Szustan"]
[Black "Krystek23"]
[WhiteElo "2520"]
[BlackElo "2360"]
[Result "1-0"]
[Round "1"]
1.e4 c5
2.c3 e6
3.Ng1f3 Nb8c6
4.d4 cxd4
5.cxd4 Qd8c7
6.Nb1c3 a6
7.Bf1e2 Bf8d6
8.O-O Ng8e7
9.e5 Bd6b4
10.a3 Bb4a5
11.Nc3e4 O-O
12.Bc1e3 f5
13.exf6 gxf6
14.Ra1c1 d5
15.Ne4g3 Kh8
16.Nf3d2 Ba5b6
17.Nd2b3 f5
18.Be3h6 Rf8f6
19.Bh6g5 Rf6g6
20.Qd1d2 Ne7g8
21.Be2h5 Rg6xg5
22.Qd2xg5 Qc7g7
23.Qg5xg7 Kxg7
24.Rf1d1 Ng8f6
25.Bh5e2 Bb6d8
26.Rc1c3 Kf7
27.Nb3c5 Ke7
28.Be2f1 Kd6
29.Ng3e2 b6
30.Nc5d3 Bc8d7
31.Rc3c1 Nc6a5
32.Nd3e5 Na5b3
33.Rc1c3 Nb3xd4
34.Ne5c4 dxc4
35.Ne2xd4 Ke7
36.Bf1xc4 e5
37.Nd4f3 e4
38.Nf3d4 Nf6g4
39.Bc4d5 Ra8a7
40.Bd5e6 Ke8
41.Be6xf5 Bd7xf5
42.Nd4xf5 Ra7d7
43.Rd1xd7 Kxd7
44.Rc3c4 Ke6
45.Nf5g3 Ng4f6
46.Ng3xe4 Nf6d5
47.Rc4c6 Ke5
48.Ne4d2 Nd5f4
49.Rc6h6 Nf4d3
50.Nd2f3 Kd5
51.Rh6xh7 Bd8f6
52.Rh7d7 Kc4
53.Nf3d2 { resign }
1-0

[Event "Match"]
[Site "www.echecsemail.com"]
[Date "2017.11.30"]
[Round "1"]
[White "Witpar"]
[Black "Apdash"]
[WhiteElo "2710"]
[BlackElo "2049"]
[Result "1-0"]
[Round "1"]
1.d4 d5
2.c4 Ng8f6
3.cxd5 Qd8xd5
4.Nb1c3 Qd5d8
5.e4 e6
6.Ng1f3 c5
7.d5 exd5
8.e5 Nf6g8
9.Qd1xd5 a6
10.Qd5xd8 Kxd8
11.Bf1c4 Bc8e6
12.Bc4xe6 fxe6
13.Nf3g5 Ke7
14.Bc1e3 b6
15.Ra1d1 h6
16.Nc3a4 hxg5
17.Na4xb6 Ng8h6
18.Be3xg5 Kf7
19.Nb6xa8 Bf8e7
20.Bg5xe7 Kxe7
21.Na8b6 Nh6f5
22.Rd1c1 Nb8c6
23.Rc1xc5 Nf5d4
24.Nb6c4 Rh8d8
25.f4 Nc6b4
26.Rc5c7 Kf8
27.O-O Nb4d3
28.g3 Nd4e2
29.Kg2 Kg8
30.Rc7c6 Rd8d4
31.Kf3 Ne2c1
32.Ke3 Rd4d5
33.Rc6xa6 Kh7
34.Ra6xe6 Nc1xa2
35.Nc4b6 Rd5d8
36.Re6d6 Rd8xd6
37.exd6 Nd3c5
38.Nb6d5 { resign }
1-0

[Event "Match"]
[Site "www.echecsemail.com"]
[Date "2017.11.30"]
[Round "1"]
[White "Dalwhite"]
[Black "Silverking"]
[WhiteElo "1499"]
[BlackElo "2359"]
[Result "0-1"]
[Round "1"]
1.e4 c5
2.Bf1c4 Nb8c6
3.Nb1c3 e6
4.d3 Ng8e7
5.Bc1e3 d5
6.exd5 exd5
7.Bc4b3 d4
8.Qd1f3 Nc6e5
9.Qf3h5 Ne7g6
10.Bb3a4 Bc8d7
11.f4 Bd7xa4
12.Be3f2 Ne5xd3
13.cxd3 dxc3
14.Qh5e2 Qd8e7
15.bxc3 Ng6xf4
16.Qe2xe7 Bf8xe7
17.Kd2 O-O-O
18.d4 Nf4xg2
19.Ng1f3 cxd4
20.cxd4 Rh8e8
21.Ra1c1 Ba4c6
22.Rh1g1 Be7b4
23.Kd3 Ng2f4
24.Kc4 Bb4d6
25.Rg1xg7 Bc6xf3
26.Bf2h4 Rd8d7
27.Rc1c3 Rd7c7
28.Kb3 Rc7xc3
29.Kxc3 Nf4d5
30.Kc4 a6
31.Rg7xf7 b5
32.Kd3 Re8e3
33.Kd2 Bd6b4
34.Kc2 Bf3e4
35.Kd1 Be4f3
36.Rf7xf3 Re3xf3
37.Ke2 Rf3h3
38.Bh4g3 Rh3xg3
39.hxg3 Nd5c3
40.Kd3 Nc3xa2
41.Kc2 Bb4d6
42.g4 a5
43.Kb3 Na2b4
44.Kc3 a4
45.g5 a3
46.Kb3 Nb4d3
47.Ka2 Nd3c1
48.Ka1 a2
49.d5 Bd6e5

0-1

[Event "Match"]
[Site "www.echecsemail.com"]
[Date "2017.11.30"]
[Round "1"]
[White "Joaodelisboa"]
[Black "Micheles"]
[WhiteElo "2019"]
[BlackElo "2550"]
[Result "0-1"]
[Round "1"]
1.e4 c6
2.Ng1f3 d5
3.exd5 cxd5
4.Bf1b5 Bc8d7
5.Bb5xd7 Nb8xd7
6.O-O e6
7.d4 Ng8f6
8.Rf1e1 Bf8e7
9.c3 O-O
10.Bc1g5 h6
11.Bg5h4 g5
12.Bh4g3 Nf6e4
13.Nb1d2 Ne4xg3
14.hxg3 Ra8c8
15.Nf3h2 Qd8b6
16.Ra1b1 Kg7
17.Nd2f3 Rf8h8
18.Qd1e2 h5
19.Nf3e5 Nd7xe5
20.Qe2xe5 Kg8
21.Nh2f3 g4
22.Nf3h4 Qb6d8
{ resign }
0-1

[Event "Match"]
[Site "www.echecsemail.com"]
[Date "2017.11.30"]
[Round "1"]
[White "Jaguar91"]
[Black "Jesmantiz"]
[WhiteElo "2200"]
[BlackElo "2220"]
[Result "0-1"]
[Round "1"]
1.e4 c6
2.d4 e6
3.Ng1f3 g6
4.Nb1c3 h6
5.Bf1c4 Bf8g7
6.O-O Ng8e7
7.d5 d6
8.dxe6 Bc8xe6
9.Bc4xe6 fxe6
10.e5 d5
11.Nf3d4 Qd8d7
12.f4 O-O
13.Qd1g4 Ne7f5
14.Rf1d1 Qd7f7
15.Nd4xf5 gxf5
16.Qg4h4 Nb8a6
17.a3 Na6c5
18.Rd1f1 d4
19.Nc3e2 Ra8d8
20.b4 Nc5e4
21.Bc1b2 d3
22.cxd3 Rd8xd3
23.Ra1d1 Rd3d5
24.Ne2d4 Rf8d8
25.g4 Qf7g6
26.Kh1 b6
27.gxf5 exf5
28.Rf1g1 Qg6f7
29.Nd4xf5 Qf7xf5
30.Rg1xg7 Kxg7
31.Qh4e7 Kg6
32.Rd1g1 Kh5
33.e6 Ne4f2
34.Kg2 Qf5h3
35.Kxf2 Rd5d2
{ resign }
0-1

[Event "Match"]
[Site "www.echecsemail.com"]
[Date "2017.11.30"]
[Round "1"]
[White "Sonny1000"]
[Black "Begory"]
[WhiteElo "1580"]
[BlackElo "1530"]
[Result "0-1"]
[Round "1"]
1.Ng1f3 d5
2.d4 Bc8f5
3.Nf3g5 e6
4.Nb1c3 h6
5.Ng5h3 Bf8b4
6.Bc1d2 Nb8c6
7.Nc3b5 Bb4d6
8.Bd2f4 Qd8d7
9.Nb5xd6 cxd6
10.b3 Ng8f6
11.a4 O-O
12.a5 e5
13.dxe5 dxe5
14.Bf4g3 Nc6d4
15.Ra1a2 Ra8c8
16.c3 Nd4c6
17.a6 b6
18.Ra2d2 Bf5e6
19.f3 d4
20.Nh3f2 Nc6a5
21.Bg3xe5 dxc3
22.Rd2xd7 Be6xd7
23.Be5xf6 gxf6
24.Qd1c2 Bd7e6
25.Nf2g4 Be6xb3
26.Ng4xf6 Kg7
27.Qc2h7 Kxf6
28.Qh7xh6 Ke7
29.Qh6g5 f6
30.Qg5g7 Rf8f7
31.Qg7g4 c2
32.Qg4f4 c1Q
33.Qf4xc1 Rc8xc1
34.Kf2 Bb3c4
35.e4 Bc4xf1
36.g4 Ke6
37.f4 Rf7d7
38.Rh1xf1 Rc1xf1
39.Kxf1 Rd7d2
40.Kg1 b5
41.h4 b4
42.h5 Rd2d8
43.Kg2 b3
44.h6 Kf7
45.f5 Rd8d3
46.h7 Rd3d8
47.Kg3 b2
48.Kf4 b1Q
49.e5 Qb1b4
50.Kg3 fxe5
51.Kh4 Rd8h8
52.Kg5 Rh8xh7
53.f6 Qb4d2
54.Kf5 Qd2f4
{ resign }
0-1

[Event "1/128 Finale"]
[Site "www.chess-mail.com"]
[Date "2017.11.30"]
[Round "1"]
[White "Hennie4820"]
[Black "Coolant"]
[WhiteElo "2090"]
[BlackElo "2350"]
[Result "0-1"]
[Round "1"]
1.e4 e5
2.Ng1f3 Nb8c6
3.Bf1c4 Ng8f6
4.d4 exd4
5.O-O Nf6xe4
6.Rf1e1 d5
7.Bc4xd5 Qd8xd5
8.Nb1c3 Qd5a5
9.Nc3xe4 Bc8e6
10.Ne4g5 O-O-O
11.Ng5xe6 fxe6
12.Re1xe6 h6
13.Bc1f4 Qa5f5
{ resign }
0-1

[Event "Eq:Team USA-Super Chess Team : "]
[Site "www.chess-mail.com"]
[Date "2017.11.30"]
[Round "1"]
[White "Uji40"]
[Black "Paulsyd"]
[WhiteElo "2060"]
[BlackElo "2430"]
[Result "0-1"]
[Round "1"]
1.e4 c5
2.Ng1f3 e6
3.d4 cxd4
4.Nf3xd4 a6
5.Nb1c3 Qd8c7
6.Nd4f3 Nb8c6
7.Bc1e3 Ng8f6
8.Bf1e2 Bf8b4
9.O-O Bb4xc3
10.bxc3 Nf6xe4
11.Qd1e1 O-O
12.a4 b6
13.Ra1b1 Ne4c5
14.Be3xc5 bxc5
15.Nf3d2 Ra8b8
16.Qe1d1 Rb8xb1
17.Qd1xb1 d5
18.Rf1e1 c4
19.Nd2f3 Bc8d7
20.Be2f1 Rf8b8
21.Qb1a2 Qc7b6
22.Nf3d2 Qb6b2
23.Qa2a1 Qb2xc2
24.Nd2f3 Rb8b2
25.Re1e2 Rb2b1
26.Re2xc2 Rb1xa1
27.h3 Ra1xa4
28.Kh2 Ra4a1
29.Kg1 a5
30.Nf3d4 Nc6xd4
31.cxd4 Bd7a4
32.Rc2b2 Ba4b3
33.g3 a4
34.Kg2 c3
35.Rb2e2 c2
{ resign }
0-1

[Event "Tourn. n9615"]
[Site "www.chess-mail.com"]
[Date "2017.12.01"]
[Round "1"]
[White "Pdebonis"]
[Black "Gearoidmac"]
[WhiteElo "2700"]
[BlackElo "2340"]
[Result "1-0"]
[Round "1"]
1.e4 e6
2.d4 d5
3.Nb1d2 c5
4.Ng1f3 dxe4
5.Nd2xe4 cxd4
6.Qd1xd4 Qd8xd4
7.Nf3xd4 Bf8e7
8.Nd4b5 Nb8a6
9.Bc1e3 Ng8f6
10.Ne4xf6 Be7xf6
11.O-O-O b6
12.Nb5d6 Ke7
13.Nd6xc8 { resign }
1-0

[Event "Tourn. n9616"]
[Site "www.chess-mail.com"]
[Date "2017.12.01"]
[Round "1"]
[White "Norlavuaram"]
[Black "Vios"]
[WhiteElo "2110"]
[BlackElo "2210"]
[Result "0-1"]
[Round "1"]
1.e4 d6
2.d4 g6
3.c4 Bf8g7
4.Nb1c3 b6
5.Ng1f3 Bc8b7
6.Bf1e2 e6
7.Bc1e3 Ng8e7
 { time }
0-1

[Event "Tourn. n9555"]
[Site "www.chess-mail.com"]
[Date "2017.12.01"]
[Round "1"]
[White "Falcoale"]
[Black "Bigrezi"]
[WhiteElo "2010"]
[BlackElo "2190"]
[Result "0-1"]
[Round "1"]
1.e4 e5
2.Ng1f3 Nb8c6
3.Bf1c4 Ng8f6
4.d3 d6
5.a3 Bc8g4
6.h3 Bg4xf3
7.Qd1xf3 Nc6d4
8.Qf3d1 Bf8e7
9.c3 Nd4e6
10.O-O O-O
11.f4 Ne6xf4
12.Bc1xf4 exf4
13.Rf1xf4 c6
14.Kh1 d5
15.exd5 cxd5
16.Bc4b3 Be7d6
17.Rf4f5 Bd6c7
18.Nb1d2 Qd8d6
19.Nd2f3 Rf8e8
20.Qd1g1 Re8e2
21.Ra1b1 g6
22.Rf5g5 h6
23.Qg1f1 Ra8e8
24.d4 hxg5
25.Qf1g1 Nf6e4
26.Nf3e5 Re8xe5
27.dxe5 Ne4g3
{ resign }
0-1

[Event "Tourn. n9640"]
[Site "www.chess-mail.com"]
[Date "2017.12.01"]
[Round "1"]
[White "Fantomas"]
[Black "Apdash"]
[WhiteElo "2230"]
[BlackElo "2220"]
[Result "1-0"]
[Round "1"]
1.e4 c5
2.Ng1f3 d6
3.d4 cxd4
4.Nf3xd4 Nb8c6
5.Nb1c3 a6
6.Bf1e2 g6
7.Bc1e3 Bf8g7
8.Nc3d5 Ng8f6
9.Nd4xc6 bxc6
10.Be3b6 Qd8d7
11.Nd5c7 Kf8
12.Nc7xa8 Qd7b7
13.e5 Nf6d5
14.exd6 Qb7xa8
15.dxe7 Kxe7
16.Bb6c5 Ke8
17.O-O Bc8e6
18.c4 Nd5f4
19.Be2f3 Be6xc4
20.Rf1e1 Nf4e6
21.Qd1d6 { resign }
1-0

[Event "Tourn. n9586"]
[Site "www.chess-mail.com"]
[Date "2017.12.01"]
[Round "1"]
[White "Ditto"]
[Black "Luban"]
[WhiteElo "1850"]
[BlackElo "2070"]
[Result "0-1"]
[Round "1"]
1.d4 d5
2.Ng1f3 e6
3.Bc1f4 c5
4.c4 Ng8f6
5.e3 a6
6.cxd5 exd5
7.Bf4e5 h6
8.Nb1c3 Nb8c6
9.Be5f4 Bf8e7
10.Bf1e2 Bc8e6
11.a3 Ra8c8
12.O-O O-O
13.Be2d3 Be6g4
14.h3 Bg4xf3
15.Qd1xf3 cxd4
16.exd4 Nc6xd4
17.Qf3g3 Nf6h5
18.Qg3g4 Nh5xf4
19.Qg4xf4 Be7f6
20.Ra1b1 Rf8e8
21.Qf4d2 Qd8d7
22.Rb1d1 Nd4f3
23.gxf3 Qd7xh3
24.Nc3xd5 Re8e5
25.Nd5f4 Re5g5
{ resign }
0-1

[Event "Tourn. n9586"]
[Site "www.chess-mail.com"]
[Date "2017.12.01"]
[Round "1"]
[White "Luban"]
[Black "Jackbauer"]
[WhiteElo "2070"]
[BlackElo "1930"]
[Result "1-0"]
[Round "1"]
1.d4 g6
2.c4 Bf8g7
3.e3 Ng8f6
4.Nb1c3 Nb8c6
5.Ng1f3 e6
6.Bf1d3 d5
7.O-O Nf6g4
8.h3 h5
9.Qd1c2 Nc6b4
10.Qc2b1 e5
11.Bd3xg6 Bc8e6
12.cxd5 Be6xd5
13.Nc3xd5 Nb4xd5
14.Bg6xf7 Kxf7
15.hxg4 Kg8
16.Qb1g6 Rh8h6
17.Qg6e4 Qd8d6
18.dxe5 Qd6e6
19.Nf3g5 Qe6xe5
20.Qe4xe5 Bg7xe5
21.gxh5 Rh6xh5
22.Ng5f3 Be5d6
23.g3 Ra8f8
24.Kg2 Rf8f7
25.Bc1d2 Rh5f5
26.Nf3d4 Rf5h5
27.Rf1h1 Rf7h7
28.Rh1xh5 Rh7xh5
29.a3 a6
30.Ra1h1 Rh5g5
31.e4 Nd5f4
32.Bd2xf4 Bd6xf4
33.Nd4e6 c5
34.Ne6xg5 Bf4xg5
35.f4 Bg5f6
36.e5 Bf6e7
37.Kf3 Kg7
38.Ke4 b6
39.Kd5 Be7d8
40.Kc6 a5
41.Rh1d1 Bd8e7
42.Rd1d7 Kf7
43.Rd7xe7 Kxe7
44.Kxb6 { resign }
1-0

[Event "Tourn. n9636"]
[Site "www.chess-mail.com"]
[Date "2017.12.01"]
[Round "1"]
[White "Bojan"]
[Black "Mitja"]
[WhiteElo "2010"]
[BlackElo "2010"]
[Result "0-1"]
[Round "1"]
1.b3 Ng8f6
2.Bc1b2 d5
3.e3 e6
4.Ng1f3 c6
5.Bf1e2 Bf8e7
6.c4 dxc4
7.Be2xc4 Nb8d7
8.Nb1c3 Nd7b6
9.Bc4e2 Nb6d5
10.d3 Nd5xc3
11.Bb2xc3 b6
12.Qd1c2 h6
13.Ra1d1 Bc8b7
14.e4 O-O
15.h3 Qd8c7
16.Nf3h2 Rf8d8
17.Nh2g4 Nf6h7
18.Qc2b2 Be7f8
19.Bc3e5 Qc7e7
20.O-O c5
21.g3 f6
22.Be5f4 e5
23.Bf4e3 Qe7e6
24.Be2f3 h5
25.Ng4h2 g6
26.g4 hxg4
27.Nh2xg4 Bf8g7
28.Qb2e2 Nh7f8
29.Kh1 a5
30.Rf1g1 Kf7
31.Ng4h6 Bg7xh6
32.Be3xh6 Qe6xh3
{ resign }
0-1

[Event "Tourn. n9587"]
[Site "www.chess-mail.com"]
[Date "2017.12.01"]
[Round "1"]
[White "Orhany24"]
[Black "Vios"]
[WhiteElo "2120"]
[BlackElo "2140"]
[Result "0-1"]
[Round "1"]
1.e4 c6
2.d4 d5
3.exd5 cxd5
4.Ng1f3 Nb8c6
5.h3 Ng8f6
6.a3 Bc8f5
7.Bf1d3 Bf5xd3
8.Qd1xd3 e6
9.O-O Bf8e7
10.c4 O-O
11.c5 b6
12.b4 bxc5
13.bxc5 Nf6e4
14.Nb1d2 f5
15.Rf1e1 Ra8b8
16.Nd2f1 Be7f6
17.Bc1e3 Qd8d7
18.Nf3d2 f4
19.Be3xf4 Ne4xf2
20.Kxf2 Bf6xd4
21.Kg3 Rf8xf4
22.Kxf4 Rb8f8
23.Kg4 Bd4f2
24.Nd2f3 e5
{ resign }
0-1

[Event "Tourn. n9602"]
[Site "www.chess-mail.com"]
[Date "2017.12.01"]
[Round "1"]
[White "Claymil"]
[Black "Mitja"]
[WhiteElo "2070"]
[BlackElo "1950"]
[Result "1-0"]
[Round "1"]
1.c4 d5
2.cxd5 Qd8xd5
3.Nb1c3 Qd5d8
4.g3 e6
5.Bf1g2 c6
6.e3 h6
7.Ng1e2 Ng8f6
8.d4 Nb8d7
9.O-O Bf8e7
10.a3 O-O
11.b4 Nd7b6
12.Ne2f4 Nb6d5
13.Nc3xd5 Nf6xd5
14.Nf4d3 b6
15.Bc1b2 Bc8b7
16.Ra1c1 Ra8b8
17.Nd3e5 Be7d6
18.Ne5xc6 Bb7xc6
19.Rc1xc6 Rb8c8
20.Qd1c2 Rc8xc6
21.Qc2xc6 Qd8c7
22.Bg2xd5 exd5
23.Qc6xd5 Rf8d8
24.Rf1c1 Qc7e7
25.Qd5g2 Qe7d7
26.e4 Rd8c8
27.d5 Rc8xc1
28.Bb2xc1 Qd7c7
29.Bc1e3 Qc7c3
30.Qg2h3 Qc3xa3
31.Qh3c8 Kh7
32.Qc8d7 Bd6xb4
33.Qd7xf7 Bb4c5
34.Be3xc5 Qa3xc5
35.e5 b5
36.Qf7f5 Kh8
37.d6 { resign }
1-0